000 00563nam a2200181 a 4500
003 SISC
005 20160720110044.0
008
020 _a9789715506823
050 0 0 _aPR 9550.7
_b.Q56 2014
100 1 _aQuintos, Floy.
245 1 0 _aCollected plays /
_cFloy Quintos.
260 _aQuezon City :
_bAteneo De Manila University,
_c2014.
300 _axvi, 292 pages ;
_billustrations ;
_c23 cm.
500 _aText in English and Filipino.
650 0 _aPhilippine drama (English)
_xCollected works.
942 _2lcc
_cBK
999 _c297878
_d297878